000 00534nam a2200193Ia 4500
005 20250326142035.0
008 250326s9999 xx 000 0 und d
020 _a0-86003-537-9
037 _aTextbook
040 _aFMSL
_beng
_cFMSL
041 _aeng
_2eng
084 _aX65 M6
_qFMSL
100 _aPike R
_9735829
245 0 _aInvestment decisions and ficial Strategy
_cPike R; Dobbins R
260 _aNew Delhi
_bNew Delhi, Heritage
_c1986
300 _a423p
942 _cTB
_hX65 M6
999 _c1293163
_d1293163